000 00351pam a2200133a 44500
008 230405s1986 xxu||||| |||| 00| 0 eng d
041 _aENG
100 _aWILLARD MERRITT
245 _aINSTRUMENTAL METHODS OF ANALYSIS (MERRIT)
250 _a1
260 _aNEW YORK
_bWILEY INTERSCIENCE PUBLICATION NEW YORK
_c1986
300 _a895
906 _a4531
999 _c269970
_d269970